LEADER 01026cam0-22003131i-450- 001 990003990640403321 005 20100506110938.0 010 $a88-324-4708-8 035 $a000399064 035 $aFED01000399064 035 $a(Aleph)000399064FED01 035 $a000399064 100 $a20040114d2002----km-y0itay50------ba 101 0 $aita 102 $aIT 200 1 $a<>gestione di edifici e di patrimoni immobiliari$easset, property e facility management. Analisi, modelli operativi ed esperienze a confronto$fOliviero Tronconi, Andrea Ciaramella, Barbara Pisani 210 $aMilano$cIl Sole 24 Ore$d2002 215 $aXXVII, 514 p.$d24 cm 700 1$aTronconi,$bOliviero$023904 701 1$aCiaramella,$bAndrea$0343917 702 1$aPisani,$bBarbara 801 0$aIT$bUNINA$gRICA$2UNIMARC 901 $aBK 912 $a990003990640403321 952 $a0-3-268-TI$fECA 952 $a464017$b5649$fDCATA 959 $aDCATA 996 $aGestione di edifici e di patrimoni immobiliari$9474592 997 $aUNINA LEADER 01327nam0 22003493i 450 001 LO10411309 005 20231121125519.0 020 $aIT$b1916 1746 100 $a20151119d1916 ||||0itac50 ba 101 | $agrc$aita 102 $ait 181 1$6z01$ai $bxxxe 182 1$6z01$an 200 1 $aContro Evandro$fLisia$gcon note italiane [di] Giuseppe Ammendola 210 $aLivorno$cR. Giusti$d1916 215 $aIX, 28 p.$d19 cm. 225 | $aBiblioteca di classici greci commentati per le scuole 410 0$1001RAV0090637$12001 $aBiblioteca di classici greci commentati per le scuole 500 10$aPeri tes Evandrou.$3RAV1535512$93608289 500 10$xGRC$aDe Evandri probatione$3RML0393233$9CFIV020470$93608290 700 0$aLysias$3CFIV020470$4070$0186235 702 1$aAmmendola$b, Giuseppe$f <1878-1955>$3SBLV229223 790 0$aLisia$3CFIV020478$zLysias 801 3$aIT$bIT-01$c20151119 850 $aIT-FR0017 899 $aBiblioteca umanistica Giorgio Aprea$bFR0017 $eN 912 $aLO10411309 950 0$aBiblioteca umanistica Giorgio Aprea$d 52DFV A 356$e 52BUN0000107195 VMB RF $fB $h20151119$i20151119 977 $a 52 996 $aPeri tes Evandrou$93608289 996 $aDe Evandri probatione$93608290 997 $aUNICAS